Word studies: (Record no. 1284)

000 -LEADER
fixed length control field 00850nam a2200205 a 4500
001 - CONTROL NUMBER
control field :::00017453$&:&@@
003 - CONTROL NUMBER IDENTIFIER
control field OkBaRHE
005 - DATE AND TIME OF LATEST TRANSACTION
control field 20100326152631.0
008 - FIXED-LENGTH DATA ELEMENTS--GENERAL INFORMATION
fixed length control field s1976 j 000 0 eng u
040 ## - CATALOGING SOURCE
Transcribing agency
100 1# - MAIN ENTRY--PERSONAL NAME
Personal name Wuest, Kenneth S.
245 10 - TITLE STATEMENT
Title Word studies:
Remainder of title treasures from the Greek New Testament; vol. 3.
260 ## - PUBLICATION, DISTRIBUTION, ETC. (IMPRINT)
Place of publication, distribution, etc Grand Rapids, MI., :
Name of publisher, distributor, etc Wm. B. Eerdmans Publishing Co.
Date of publication, distribution, etc 1976
300 ## - PHYSICAL DESCRIPTION
Extent 131 p. ;
Dimensions 21 cm.
650 ## - SUBJECT ADDED ENTRY--TOPICAL TERM
Topical term or geographic name as entry element Greek Language
General subdivision Biblical
-- New Testament
-- Dictionaries
942 ## - ADDED ENTRY ELEMENTS (KOHA)
Source of classification or shelving scheme
Koha item type Books
Copies
Price effective from Date acquired Lost status Barcode Not for loan Current Location Collection code Permanent Location Shelving location Full call number Withdrawn status Source of classification or shelving scheme Copy number Damaged status Date last seen Koha item type
2010-04-142010-04-14 17453  ReferenceRHEMA Bible Training CollegeGeneral StacksBS 2333.2 .W8  1 2018-03-16Books
2010-04-142010-04-14 17957  ReferenceRHEMA Bible Training CollegeGeneral StacksBS 2333.2 .W8  2 2018-03-16Books
2010-04-142010-04-14 17958 RHEMA Bible Training CollegeReferenceRHEMA Bible Training CollegeGeneral StacksBS 2333.2 .W8  3 2018-03-16Books